Дело об ассигновании сумм по Виленскому учебному округу из поиезуитских сумм. Здесь же и записки о внесении в расписания сумм на...

Доступно только в Электронных читальных залах Найти на картеНа карте
RUSMARC
00003690nmc2a22002413x 450
0014db2b17b-a0c4-4689-ae9a-05e05f6fe5e3
00520260202133337.0
100##$a20250718l18281829k l0rusy0189 ca
1010#$arus
102##$aRU
105##$ay###
1222#$ad
2001#$aДело об ассигновании сумм по Виленскому учебному округу из поиезуитских сумм. Здесь же и записки о внесении в расписания сумм на 1829 год
$j9 января 1828 г. - 11 февраля 1829 г.
215##$a56 л.
$d36,5х26 см
251##$cДело
300##$aДело
371##$aДокумент не является опубликованным и широко распространяемым
461#0$1001a74412a3-3cc5-4d21-8f0a-dfe2fbd9e72d
$12001
$aДепартамент народного просвещения Министерства народного просвещения (1803-1917)
$1251
$cФонд
$1852
$j733
462#0$1001ccc93d8c-a161-4593-b7db-1a3e4c2bc189
$12001
$aДела счетного отделения Департамента народного просвещения за 1819-1838 годы
$1251
$cОпись
$1852
$j111
801#0$aRU
$bРГИА
$c20250718
$gRCR
801#1$aRU
$bГлавНИВЦ
$c20250718
$2rusmarc
801#2$aRU
$bПБ им. Б.Н. Ельцина
$c20260202
$gRCR
$2rusmarc
850##$aРГИА
852##$aРГИА
$eФедеральное казенное учреждение "Российский государственный исторический архив" (РГИА)
$j386
937##$hРГИА
$d12094484
$aASBIBLIO_SCAN
035##$aRusGRCC00088658
856##$uhttp://readingroom.main.prlib.ru/item.aspx?id_node=n200325011&mode=full
Формат отображения